Normal view MARC view
  • Change Management

Entry Topical Term

Number of records used in: 1

001 - CONTROL NUMBER

  • control field: 117672

003 - CONTROL NUMBER IDENTIFIER

  • control field: OSt

005 - DATE AND TIME OF LATEST TRANSACTION

  • control field: 20230125045517.0

008 - FIXED-LENGTH DATA ELEMENTS

  • fixed length control field: 230125|| aca||aabn | a|a d

040 ## - CATALOGING SOURCE

  • Original cataloging agency: OSt
  • Transcribing agency: OSt

150 ## - HEADING--TOPICAL TERM

  • Topical term or geographic name entry element: Change Management

670 ## - SOURCE DATA FOUND

  • Source citation: Work cat.: (OSt)95506: Tidd J 117671, Managing Innovation: Integrating Technological, Market And Organizational Change, 2016